Indicios de prueba matemática mediante el uso de software de geometría dinámica (Record no. 190607)

MARC details
000 -CABECERA
campo de control de longitud fija 01405nab a2200265 a 4500
005 - FECHA Y HORA DE LA ÚLTIMA TRANSACCIÓN
campo de control 20250310174652.0
008 - ELEMENTOS DE LONGITUD FIJA--INFORMACIÓN GENERAL
campo de control de longitud fija 991125c2016 mx qr p o 000 0 spa d
035 ## - NÚMERO DE CONTROL DEL SISTEMA
Número de control de sistema UPN01000218507
040 ## - FUENTE DE LA CATALOGACIÓN
Centro catalogador/agencia de origen UPN
Lengua de catalogación spa
Centro/agencia transcriptor UPN
Normas de descripción aacr2
049 ## - COLECCIÓN
Colección ART-E
100 1# - ASIENTO PRINCIPAL--NOMBRE PERSONAL
Nombre de persona Huerta Vázquez, Miguel Ángel
245 10 - MENCIÓN DE TÍTULO
Título Indicios de prueba matemática mediante el uso de software de geometría dinámica
Medio [recurso electrónico en línea]
506 0# - NOTA DE RESTRICCIONES AL ACCESO
Limitaciones de acceso Acceso abierto
520 3# - NOTA DE RESUMEN, ETC.
Sumario, etc. Esta investigación indagó cómo los estudiantes de nivel medio superior dan indicios en la prueba matemática, mientras iban solucionando algunos problemas geométricos, usando software de geometría dinámica GeoGebra: qué hicieron, cómo advirtieron posibles soluciones a estos problemas, y lo más importante, cómo los explicaron o validaron y al final cómo el software ayuda para poder alcanzar cierto grado de validación.
650 #4 - ASIENTO SECUNDARIO DE MATERIA - TERMINO TEMATICO
9 (RLIN) 5328
Término de materia o nombre geográfico como elemento de entrada Geometría
650 #7 - ASIENTO SECUNDARIO DE MATERIA - TERMINO TEMATICO
9 (RLIN) 2253
Término de materia o nombre geográfico como elemento de entrada Educación media superior
653 0# - TERMINO DE INDIZACION - NO CONTROLADO
Término no controlado Software educativo
653 0# - TERMINO DE INDIZACION - NO CONTROLADO
Término no controlado Pruebas matemáticas
653 0# - TERMINO DE INDIZACION - NO CONTROLADO
Término no controlado GeoGebra
773 ## - ENLACE AL DOCUMENTO FUENTE/ENTRADA DE REGISTRO ANFITRIÓN
Parte(s) relacionada(s) Año 9, no. 24 (2016), p. 87-94
Título Eutopía : revista del Colegio de Ciencias y Humanidades para el Bachillerato
Número Internacional Normalizado para Publicaciones Seriadas 1870-8137
856 4# - LOCALIZACIÓN Y ACCESO ELECTRÓNICOS
Identificador Uniforme del Recurso <a href="http://www.cch.unam.mx/comunicacion/sites/www.cch.unam.mx.comunicacion/files/subidas/Eutopia_24.pdf">http://www.cch.unam.mx/comunicacion/sites/www.cch.unam.mx.comunicacion/files/subidas/Eutopia_24.pdf</a>
902 ## - ELEMENTOS DE DATOS B LOCAL, LDB (RLIN)
Creó Gloria Jiménez/0924
905 ## - TIPO DE MATERIAL
Tipo de material Articulo
942 ## - ELEMENTOS DE PUNTO DE ACCESO ADICIONAL (KOHA)
Tipo de ítem Koha Artículo Electrónico
Holdings
Estado de retiro Estado de pérdida Estado dañado No para préstamo Código de colección Localización permanente Ubicación/localización actual Ubicación en estantería Fecha de adquisición Total de préstamos Fecha visto por última vez Identificador Uniforme del Recurso Precio válido a partir de Tipo de ítem Koha
        Acceso abierto Bib. Gregorio Torres Quintero Bib. Gregorio Torres Quintero En línea 03/09/2024   03/09/2024 https://www.cch.unam.mx/comunicacion/sites/www.cch.unam.mx.comunicacion/files/subidas/Eutopia24.pdf 03/09/2024 Artículo Electrónico